LEADER 00865nam0-22002771i-450 001 990001710760403321 005 20170509110906.0 035 $a000171076 035 $aFED01000171076 035 $a(Aleph)000171076FED01 035 $a000171076 100 $a20030910d1864----km-y0itay50------ba 101 0 $aita 200 1 $aDell' ezoognosia ovvero conoscenza delle parti esterne degli animali domestici utili$fAlmerico Cristin. 210 $aNapoli$cF. Vitale$d1864 215 $a334 p.$c16 tav.$d25 cm 610 0 $aZoognostica 676 $a636 700 1$aChristen,$bAlmerico F.$0354671 801 0$aIT$bUNINA$gRICA$2UNIMARC 901 $aBK 912 $a990001710760403321 952 $a60 636.08 B 16$b389$fFAGBC 959 $aFAGBC 996 $aDell' ezoognosia ovvero conoscenza delle parti esterne degli animali domestici utili$9359495 997 $aUNINA LEADER 01468nam 2200421 450 001 9910467182103321 005 20200520144314.0 010 $a1-61499-943-0 035 $a(CKB)4100000007696724 035 $a(MiAaPQ)EBC5716768 035 $a(Au-PeEL)EBL5716768 035 $a(CaPaEBR)ebr11656302 035 $a(OCoLC)1086375615 035 $a(EXLCZ)994100000007696724 100 $a20190311d2019 uy 0 101 0 $aeng 135 $aurcnu|||||||| 181 $ctxt$2rdacontent 182 $cc$2rdamedia 183 $acr$2rdacarrier 200 00$aChallenges in strategic communication and fighting propaganda in Eastern Europe $esolutions for a future common project /$fedited by Dan Sulta?nescu 210 1$aAmsterdam ;$aBerlin ;$aWashington, District of Columbia :$cIOS Press,$d2019. 215 $a1 online resource (146 pages) 225 1 $aNato science for peace and security series - e: human and societal dynamics ;$v142 311 $a1-61499-942-2 410 0$aNATO science for peace and security series. E, Human and societal dynamics ;$v142. 606 $aPropaganda 608 $aElectronic books. 615 0$aPropaganda. 676 $a303.375 702 $aSulta?nescu$b Dan$f1977- 801 0$bMiAaPQ 801 1$bMiAaPQ 801 2$bMiAaPQ 906 $aBOOK 912 $a9910467182103321 996 $aChallenges in strategic communication and fighting propaganda in Eastern Europe$92294678 997 $aUNINA LEADER 00854nam a2200253 a 4500 001 991001571549707536 008 020 $a8837039611 035 $ab13393157-39ule_inst 040 $aDip.to Studi Storici$bita 082 04$a914.950476 245 00$aGrecia 2 :$bisole greche /$ca cura di Marc Dubin 250 $a5.ed. 260 $aMilano :$bMondadori,$c2006 300 $a395 p., :$bill. ;$c22 cm. 440 3$aLe guide Mondadori 651 4$aIsole greche$xGuide 700 1 $aDubin, Marc 907 $a.b13393157$b30-04-10$c06-04-06 912 $a991001571549707536 945 $aLE009 Lab. Geogr. Mond. 2 $g1$i2023000083703$lle009$o-$pE24.50$q-$rl$s- $t0$u0$v0$w0$x0$y.i14218744$z06-04-06 996 $aGrecia 2$91090977 997 $aUNISALENTO 998 $ale023$ale009$b06-04-06$cm$da $e-$fita$git $h0$i0